Normal view
MARC view
Entry Personal Name
001 - CONTROL NUMBER
- control field: 1722
003 - CONTROL NUMBER IDENTIFIER
- control field: ARRUPE
005 - DATE AND TIME OF LATEST TRANSACTION
- control field: 20130930165808.0
008 - FIXED-LENGTH DATA ELEMENTS
- fixed length control field: 130930|| aca||aabn | a|a d
040 ## - CATALOGING SOURCE
- Original cataloging agency: ARRUPE
- Transcribing agency: ARRUPE
100 ## - HEADING--PERSONAL NAME
- Personal name: Mill, John Stuart,
- Dates associated with a name: 1806-1873.
- Title of a work: Utilitarianism.
670 ## - SOURCE DATA FOUND
- Source citation: Work cat.: (ARRUPE)0: West, Henry R. 1721, The Blackwell guide to Mill's Utilitarianism /, c2006.